000 01112njm a22002777a 4500
005 20100913100347.0
007 sd ammalaaahaa
008 100913t xxu||||| |||| 00| 0 hin d
028 _aPSLP. 4005
_bHis Master's Voice
035 _aGR-04525
040 _aSED/VEN
100 _919606
_aMangeshkar, Lata
245 _aMaine pyar kiya /
_h[sound recording] :
_cby Lata Mangeshkar ; music by Ramlaxman ; lyric by Asad Bhopali
246 _aमैंने प्यार किया (लता मंगेशकर)
260 _aDum Dum, India
_bHis Master's Voice
_c1989
300 _a1 sound disc [Gramophone record] :
_banalog, 33.1/3 rpm
_c12 in. (LP)
_fGramophone record
500 _aBrief record.
500 _aHis Master's Voice
500 _aOrange
505 _aPart.1 Dil deewana (Maine pyar kiya) (Lata mangeshkar), Part. 2 Aaya mausam dosti ka
650 _xExcerpts
_zIndia
_919607
_vFilmi song
_aClassical music
700 _920331
_aRamlaxman
700 _aAsad Bhopali
_920904
942 _2ddc
_cGR
999 _c47188
_d47188